Counterfeit or genuine? : (Record no. 4210)

MARC details
000 -LEADER
fixed length control field 00957cam a2200277 i 4500
001 - CONTROL NUMBER
control field 2680333
003 - CONTROL NUMBER IDENTIFIER
control field GBCCL
005 - DATE AND TIME OF LATEST TRANSACTION
control field 20241126110513.0
008 - FIXED-LENGTH DATA ELEMENTS--GENERAL INFORMATION
fixed length control field 751024s1975 miu b 000 0 eng
010 ## -
-- 74082807
020 ## - INTERNATIONAL STANDARD BOOK NUMBER
International Standard Book Number 0825426154
040 ## - CATALOGING SOURCE
Original cataloging agency DLC
Transcribing agency DLC
Modifying agency DLC
050 00 -
-- BS2585.2
-- .C65
082 00 - DEWEY DECIMAL CLASSIFICATION NUMBER
Classification number 226.3061
Item number COU
245 00 - TITLE STATEMENT
Title Counterfeit or genuine? :
Remainder of title Mark 16? John 8? /
Statement of responsibility, etc. Edited by David Otis Fuller.
250 ## - EDITION STATEMENT
Edition statement 1st ed.
260 ## - PUBLICATION, DISTRIBUTION, ETC.
Place of publication, distribution, etc. Grand Rapids :
Name of publisher, distributor, etc. Grand Rapids International Publications,
Date of publication, distribution, etc. 1975.
300 ## - PHYSICAL DESCRIPTION
Extent 217 p. ;
Dimensions 21 cm.
504 ## - BIBLIOGRAPHY, ETC. NOTE
Bibliography, etc. note Includes bibliographical references.
630 00 - SUBJECT ADDED ENTRY--UNIFORM TITLE
Uniform title Bible.
Name of part/section of a work Mark, XVI, 9-20
General subdivision Criticism, interpretation, etc.
9 (RLIN) 7997
630 00 - SUBJECT ADDED ENTRY--UNIFORM TITLE
Uniform title Bible.
Name of part/section of a work John, VII, 53-VIII, 11
General subdivision Criticism, interpretation, etc.
9 (RLIN) 7998
630 00 - SUBJECT ADDED ENTRY--UNIFORM TITLE
Uniform title Bible
General subdivision Evidences, authority, etc.
9 (RLIN) 351
700 1# - ADDED ENTRY--PERSONAL NAME
Personal name Fuller, David Otis,
Dates associated with a name 1903-1988.
9 (RLIN) 7999
906 ## - LOCAL DATA ELEMENT F, LDF (RLIN)
a 7
b cbc
c orignew
d 2
e opcn
f 19
g y-gencatlg
942 ## - ADDED ENTRY ELEMENTS (KOHA)
Source of classification or shelving scheme Dewey Decimal Classification
Koha item type Books
Holdings
Withdrawn status Lost status Source of classification or shelving scheme Damaged status Not for loan Home library Current Library Shelving location Date acquired Total checkouts Full call number Barcode Date last seen Copy number Price effective from Koha item type
    Dewey Decimal Classification     GRACE BIBLE COLLEGE GRACE BIBLE COLLEGE Biblical Studies 2018-01-16   226.3061 COU 004997 2025-05-01 c.1 2018-01-16 Books
© Grace Bible College Library 2025